Statistiques concernant Prix Carburant Europe - avril 2022.

Cliquez ici pour prendre le quiz!

Statistiques générales

  • Ce quiz a été pris 52 fois
  • Le résultat moyen est 6 sur 9

Statistiques - réponses

Prix au litrePays% Correct
2.041 €Allemagne
85%
2.116 €Royaume-Uni
81%
2.413 €Suède
71%
2.101 €Suisse
71%
2.254 €Norvège
69%
2.195 €Finlande
63%
2.030 €Danemark
58%
2.003 €Pays-Bas
56%
2.151 €Islande
35%

Distribution des résultats

Percentile par nombre de réponses

% des personnes avec chaque résultat

Votre développement - résultats

Vous n’avez pas pris ce quiz